| 000 | 00523nam a22001817a 4500 | ||
|---|---|---|---|
| 003 | CEME | ||
| 005 | 20210628202528.0 | ||
| 008 | 210209b xxu||||| |||| 00| 0 eng d | ||
| 020 | _a3-89578-148-7 | ||
| 040 | _c. | ||
| 082 | _a629.8 GRO | ||
| 100 |
_aWiegartner, Georg Hamann, Jens Grob, Hans _960359 |
||
| 245 | _aElectrical feed drives in automation, basics, computations, dimensioning | ||
| 260 |
_aGERMANY _bSIEMENS _c2001 |
||
| 300 | _a336P | ||
| 650 |
_aELECTRICAL DRIVES IN AUTOMATION _960360 |
||
| 942 |
_cBK _2ddc |
||
| 999 |
_c570103 _d570103 |
||